WWE Superstars Names By Other Promotions - Statistics

General Stats
  • This quiz has been taken 80 times
  • The average score is 7 of 10
Answer Stats
Former Name Current Name % Correct
Adam Copeland Edge
92%
Mercedes Mone Sasha Banks
91%
Drew Galloway Drew McIntyre
88%
Nic Nemeth Dolph Ziggler
85%
Miro Rusev
85%
Big Van Walter Gunther
71%
El Generico Sami Zayn
68%
Athena Ember Moon
62%
AJ Francis Top Dolla
42%
CJ Parker Kevin Owens
9%
No matching quizzes found
Score Distribution
Percent of People with Each Score
Percentile by Number Answered
Your Score History
You have not taken this quiz